Responsibility accounting and performance evaluations /

Bibliographic Details
Main Author: Miller, Elwood L.
Format: Book
Language:English
Published: New York : Van Nostrand Reinhold, [1982]
Subjects:

MARC

Tag First Indicator Second Indicator Subfields
LEADER 00000pam a2200000 a 4500
001 in00000081383
005 20151008061045.0
008 810514s1982 nyua b 00110 eng
010 |a  81010326  
020 |a 0442288182 
035 |a (OCoLC)07554096 
035 |9 AAJ7205AM 
039 0 |a 2  |b 3  |c 3  |d 3  |e 3 
040 |a DLC  |c DLC  |d TXA  |d UtOrBLW 
049 |a TXAM  |c [1196658] 
050 0 0 |a HF5686.I56  |b M55 
082 0 |a 658.3/125  |2 19 
100 1 |a Miller, Elwood L. 
245 1 0 |a Responsibility accounting and performance evaluations /  |c Elwood L. Miller. 
264 1 |a New York :  |b Van Nostrand Reinhold,  |c [1982] 
264 4 |c ©1982 
300 |a xiii, 238 pages :  |b illustrations ;  |c 24 cm. 
336 |a text  |b txt  |2 rdacontent 
337 |a unmediated  |b n  |2 rdamedia 
338 |a volume  |b nc  |2 rdacarrier 
500 |a Includes index. 
504 |a Bibliography: pages 223-227. 
650 0 |a International business enterprises  |x Accounting. 
650 0 |a Executives  |x Rating of. 
999 |a MARS 
999 f f |s 223761c6-7a22-3948-bd19-61447a564453  |i 95274878-72fb-35ea-978c-2ab38989855d  |t 0 
952 f f |p ric  |a Texas A&M University  |b Rellis Campus  |c Joint Library Facility  |d Remote Storage  |t 0  |e HF5686.I56 M55  |h Library of Congress classification  |i unmediated -- volume  |m A14806136351 
998 f f |a HF5686.I56 M55  |t 0  |l Remote Storage